[Event "EWIBCC 2019"]
[Site "Monte-Carlo"]
[Date "2019.11.29"]
[Round "12.7"]
[White "Berend, Elvira"]
[Black "Savina, Anastasia"]
[Result "1/2-1/2"]
[WhiteElo "2349"]
[BlackElo "2354"]
[Annotator "ChessBase"]
[PlyCount "202"]
[EventDate "2019.11.29"]
[EventType "swiss"]
[EventCountry "MNC"]
[SourceTitle "playchess.com"]
[Source "ChessBase"]
[SourceQuality "1"]
[TimeControl "180+2"]

1. d4 {[%emt 0:00:00]} Nf6 {[%emt 0:00:01]} 2. c4 {[%emt 0:00:00]} g6 {[%emt 0:00:01]} 3. Nf3 {[%emt 0:00:02]} Bg7 {[%emt 0:00:01]} 4. g3 {[%emt 0:00:02]} c5 {[%emt 0:00:02]} 5. d5 {[%emt 0:00:14]} b5 {[%emt 0:00:03]} 6. cxb5 {[%emt 0:00:01]} a6 {[%emt 0:00:01]} 7. b6 {[%emt 0:00:02]} d6 {[%emt 0:00:03]} 8. Bg2 {[%emt 0:00:02]} O-O {[%emt 0:00:03]} 9. O-O {[%emt 0:00:02]} Nbd7 {[%emt 0:00:05]} 10. Nc3 {[%emt 0:00:02]} Nxb6 {[%emt 0:00:01]} 11. e4 {[%emt 0:00:05]} Nfd7 {[%emt 0:00:08]} 12. Bg5 {[%emt 0:00:07]} a5 {[%emt 0:00:19]} 13. Qc1 {[%emt 0:00:05]} Ba6 {[%emt 0:00:03]} 14. Re1 {[%emt 0:00:01]} Nc4 {[%emt 0:00:11]} 15. Bh6 {[%emt 0:00:07]} Nce5 {[%emt 0:00:12]} 16. Nxe5 {[%emt 0:00:04]} Nxe5 {[%emt 0:00:02]} 17. Bxg7 {[%emt 0:00:02]} Kxg7 {[%emt 0:00:01]} 18. Qc2 {[%emt 0:00:16]} Rb8 {[%emt 0:00:07]} 19. Rad1 {[%emt 0:00:04]} c4 {[%emt 0:00:09]} 20. Rb1 {[%emt 0:00:32]} Qc7 {[%emt 0:00:22]} 21. Red1 {[%emt 0:00:19]} Qa7 {[%emt 0:00:20]} 22. Ne2 {[%emt 0:00:10]} Nd3 {[%emt 0:00:06]} 23. Qc3+ {[%emt 0:00:05]} Kg8 {[%emt 0:00:32]} 24. Nd4 {[%emt 0:00:01]} e5 {[%emt 0:00:05]} 25. dxe6 {[%emt 0:00:04]} fxe6 {[%emt 0:00:01]} 26. Rd2 {[%emt 0:00:20]} Rbe8 {[%emt 0:00:10]} 27. Bf1 {[%emt 0:00:07]} e5 {[%emt 0:00:15]} 28. Bxd3 {[%emt 0:00:15]} cxd3 {[%emt 0:00:20]} 29. Nc6 {[%emt 0:00:02]} Qb6 {[%emt 0:00:06]} 30. Qb3+ {[%emt 0:00:09]} Qxb3 {[%emt 0:00:01]} 31. axb3 {[%emt 0:00:01]} Bb7 {[%emt 0:00:05]} 32. Nxa5 {[%emt 0:00:04]} Bxe4 {[%emt 0:00:01]} 33. Nc4 {[%emt 0:00:02]} d5 {[%emt 0:00:01]} 34. Nd6 {[%emt 0:00:01]} Rb8 {[%emt 0:00:04]} 35. Nxe4 {[%emt 0:00:01]} dxe4 {[%emt 0:00:00]} 36. Re1 {[%emt 0:00:01]} Rb4 {[%emt 0:00:03]} 37. Kg2 {[%emt 0:00:01]} Rd8 {[%emt 0:00:02]} 38. f3 {[%emt 0:00:04]} exf3+ {[%emt 0:00:03]} 39. Kxf3 {[%emt 0:00:01]} Rd5 {[%emt 0:00:04]} 40. Re3 {[%emt 0:00:05]} Rxb3 {[%emt 0:00:01]} 41. Ke4 {[%emt 0:00:00]} Rdb5 {[%emt 0:00:04]} 42. Rexd3 {[%emt 0:00:04]} Rxd3 {[%emt 0:00:02]} 43. Rxd3 {[%emt 0:00:00]} Rxb2 {[%emt 0:00:01]} 44. Kxe5 {[%emt 0:00:03]} Rxh2 {[%emt 0:00:01]} 45. Kf6 {[%emt 0:00:00]} Rf2+ {[%emt 0:00:01]} 46. Kg5 {[%emt 0:00:02]} Rf5+ {[%emt 0:00:02]} 47. Kg4 {[%emt 0:00:01]} Kg7 {[%emt 0:00:01]} 48. Rd7+ {[%emt 0:00:02]} Kh6 {[%emt 0:00:01]} 49. Kh3 {[%emt 0:00:02]} Rf6 {[%emt 0:00:02]} 50. Kg4 {[%emt 0:00:01]} Ra6 {[%emt 0:00:01]} 51. Rc7 {[%emt 0:00:00]} Ra4+ {[%emt 0:00:01]} 52. Kf3 {[%emt 0:00:03]} g5 {[%emt 0:00:03]} 53. g4 {[%emt 0:00:18]} Ra3+ {[%emt 0:00:01]} 54. Kg2 {[%emt 0:00:01]} Kg6 {[%emt 0:00:02]} 55. Rc6+ {[%emt 0:00:01]} Kf7 {[%emt 0:00:02]} 56. Rb6 {[%emt 0:00:03]} Re3 {[%emt 0:00:02]} 57. Rh6 {[%emt 0:00:04]} Kg7 {[%emt 0:00:01]} 58. Rb6 {[%emt 0:00:00]} Re7 {[%emt 0:00:04]} 59. Kg3 {[%emt 0:00:01]} Rf7 {[%emt 0:00:01]} 60. Rb5 {[%emt 0:00:01]} Kg6 {[%emt 0:00:01]} 61. Rb6+ {[%emt 0:00:01]} Rf6 {[%emt 0:00:01]} 62. Rb3 {[%emt 0:00:00]} h6 {[%emt 0:00:02]} 63. Rc3 {[%emt 0:00:01]} Ra6 {[%emt 0:00:01]} 64. Rd3 {[%emt 0:00:00]} Kf6 {[%emt 0:00:01]} 65. Rf3+ {[%emt 0:00:01]} Ke5 {[%emt 0:00:01]} 66. Re3+ {[%emt 0:00:01]} Kd4 {[%emt 0:00:01]} 67. Re8 {[%emt 0:00:06]} Ra3+ {[%emt 0:00:02]} 68. Kg2 {[%emt 0:00:01]} Re3 {[%emt 0:00:02]} 69. Rh8 {[%emt 0:00:03]} Re6 {[%emt 0:00:03]} 70. Kf3 {[%emt 0:00:01]} Rf6+ {[%emt 0:00:17]} 71. Kg3 Ke5 {[%emt 0:00:00]} 72. Re8+ {[%emt 0:00:01]} Re6 {[%emt 0:00:00]} 73. Rh8 {[%emt 0:00:01]} Ke4 {[%emt 0:00:00]} 74. Rh7 {[%emt 0:00:02]} Ke3 {[%emt 0:00:00]} 75. Rh8 {[%emt 0:00:02]} Ke2 {[%emt 0:00:00]} 76. Rh7 {[%emt 0:00:02]} Kf1 {[%emt 0:00:00]} 77. Kf3 {[%emt 0:00:04]} Kg1 {[%emt 0:00:00]} 78. Ra7 {[%emt 0:00:08]} Kh2 {[%emt 0:00:03]} 79. Ra5 {[%emt 0:00:18]} Rb6 {[%emt 0:00:05]} 80. Ke4 {[%emt 0:00:10]} Kg3 {[%emt 0:00:02]} 81. Kf5 {[%emt 0:00:02]} Kh4 {[%emt 0:00:04]} 82. Rc5 {[%emt 0:00:01]} Rb4 {[%emt 0:00:02]} 83. Rc6 {[%emt 0:00:04]} Rf4+ {[%emt 0:00:01]} 84. Ke5 {[%emt 0:00:02]} Kxg4 {[%emt 0:00:02]} 85. Rxh6 {[%emt 0:00:01]} Kg3 {[%emt 0:00:01]} 86. Rh1 {[%emt 0:00:02]} Rf8 {[%emt 0:00:05]} 87. Rg1+ {[%emt 0:00:01]} Kh4 {[%emt 0:00:01]} 88. Rh1+ {[%emt 0:00:01]} Kg4 {[%emt 0:00:03]} 89. Rg1+ {[%emt 0:00:00]} Kh5 {[%emt 0:00:01]} 90. Rh1+ {[%emt 0:00:01]} Kg6 {[%emt 0:00:01]} 91. Ke4 {[%emt 0:00:02]} g4 {[%emt 0:00:02]} 92. Ke3 {[%emt 0:00:01]} Kg5 {[%emt 0:00:01]} 93. Ke2 {[%emt 0:00:01]} g3 {[%emt 0:00:02]} 94. Rf1 {[%emt 0:00:05]} Re8+ {[%emt 0:00:08]} 95. Kf3 {[%emt 0:00:01]} Rf8+ {[%emt 0:00:02]} 96. Kg2 {[%emt 0:00:01]} Rxf1 {[%emt 0:00:02]} 97. Kxf1 {[%emt 0:00:01]} Kf4 {[%emt 0:00:01]} 98. Kg2 {[%emt 0:00:01]} Kg4 {[%emt 0:00:01]} 99. Kg1 {[%emt 0:00:00]} Kf3 {[%emt 0:00:01]} 100. Kf1 {[%emt 0:00:01]} g2+ {[%emt 0:00:09]} 101. Kg1 Kg3 {[%emt 0:00:00]} 1/2-1/2

[Event "EWIBCC 2019"]
[Site "Monte-Carlo"]
[Date "2019.11.29"]
[Round "12.8"]
[White "Belenkaya, Dina"]
[Black "Mkrtchian, Lilit"]
[Result "0-1"]
[WhiteElo "2302"]
[BlackElo "2402"]
[Annotator "ChessBase"]
[PlyCount "98"]
[EventDate "2019.11.29"]
[EventType "swiss"]
[EventCountry "MNC"]
[SourceTitle "playchess.com"]
[Source "ChessBase"]
[SourceQuality "1"]
[TimeControl "180+2"]

1. e4 {[%emt 0:00:00]} e6 {[%emt 0:00:00]} 2. Qe2 {[%emt 0:00:01]} c5 {[%emt 0:00:01]} 3. g3 {[%emt 0:00:02]} Nc6 {[%emt 0:00:01]} 4. Nf3 {[%emt 0:00:02]} g6 {[%emt 0:00:03]} 5. Bg2 {[%emt 0:00:02]} Bg7 {[%emt 0:00:01]} 6. d3 {[%emt 0:00:02]} Nge7 {[%emt 0:00:06]} 7. h4 {[%emt 0:00:01]} h6 {[%emt 0:00:05]} 8. c3 {[%emt 0:00:21]} d6 {[%emt 0:00:01]} 9. Nbd2 {[%emt 0:00:05]} b5 {[%emt 0:00:21]} 10. O-O {[%emt 0:00:20]} Rb8 {[%emt 0:00:07]} 11. Re1 {[%emt 0:00:03]} O-O {[%emt 0:00:10]} 12. Nf1 {[%emt 0:00:02]} b4 {[%emt 0:00:03]} 13. Qc2 {[%emt 0:00:07]} Ba6 {[%emt 0:00:32]} 14. N1h2 {[%emt 0:00:05]} bxc3 {[%emt 0:00:13]} 15. bxc3 {[%emt 0:00:01]} Qa5 {[%emt 0:00:19]} 16. Bd2 {[%emt 0:00:19]} Qb5 {[%emt 0:00:06]} 17. Bf1 {[%emt 0:00:26]} Qb2 {[%emt 0:00:04]} 18. Qc1 {[%emt 0:00:13]} Qxc1 {[%emt 0:00:05]} 19. Rexc1 {[%emt 0:00:01]} Rb2 {[%emt 0:00:06]} 20. Ng4 {[%emt 0:00:23]} Kh7 {[%emt 0:00:02]} 21. Ne3 {[%emt 0:00:03]} f5 {[%emt 0:00:13]} 22. Nd1 {[%emt 0:00:04]} Rbb8 {[%emt 0:00:08]} 23. Ne1 {[%emt 0:00:25]} fxe4 {[%emt 0:00:14]} 24. dxe4 {[%emt 0:00:01]} Bxf1 {[%emt 0:00:02]} 25. Kxf1 {[%emt 0:00:02]} Ne5 {[%emt 0:00:06]} 26. Ke2 {[%emt 0:00:10]} Nc4 {[%emt 0:00:08]} 27. Bf4 {[%emt 0:00:05]} Nc6 {[%emt 0:00:08]} 28. Nd3 {[%emt 0:00:03]} Rb6 {[%emt 0:00:31]} 29. Rab1 {[%emt 0:00:02]} Rfb8 {[%emt 0:00:00]} 30. Rxb6 {[%emt 0:00:01]} Rxb6 {[%emt 0:00:00]} 31. g4 {[%emt 0:00:07]} Ra6 {[%emt 0:00:00]} 32. Rc2 {[%emt 0:00:05]} d5 {[%emt 0:00:00]} 33. exd5 exd5 {[%emt 0:00:00]} 34. Nxc5 {[%emt 0:00:02]} Rb6 {[%emt 0:00:04]} 35. Ne6 {[%emt 0:00:02]} Be5 {[%emt 0:00:03]} 36. Be3 {[%emt 0:00:07]} Rb8 {[%emt 0:00:02]} 37. Nc5 {[%emt 0:00:03]} Re8 {[%emt 0:00:02]} 38. a4 {[%emt 0:00:05]} Nxe3 {[%emt 0:00:01]} 39. Nxe3 {[%emt 0:00:02]} d4 {[%emt 0:00:01]} 40. Nd5 {[%emt 0:00:03]} Kg7 {[%emt 0:00:07]} 41. f3 {[%emt 0:00:09]} Bd6+ {[%emt 0:00:01]} 42. Ne4 {[%emt 0:00:01]} Be5 {[%emt 0:00:03]} 43. c4 {[%emt 0:00:02]} Rb8 {[%emt 0:00:02]} 44. c5 {[%emt 0:00:03]} Rb3 {[%emt 0:00:01]} 45. Kd2 {[%emt 0:00:03]} d3 {[%emt 0:00:01]} 46. Ra2 {[%emt 0:00:01]} Nd4 {[%emt 0:00:02]} 47. f4 {[%emt 0:00:02]} Nf3+ {[%emt 0:00:02]} 48. Ke3 {[%emt 0:00:01]} d2+ {[%emt 0:00:00] Kxf3 d1=Q+} 49. Kf2 {[%emt 0:00:00] Qxd5 fxe5 Qxe4 Re2 Qf3+ Ke1} Rb1 {[%emt 0:00:00]} 0-1

[Event "EWIBCC 2019"]
[Site "Monte-Carlo"]
[Date "2019.11.29"]
[Round "12.9"]
[White "Benmesbah, Natacha"]
[Black "Gaponenko, Inna"]
[Result "1-0"]
[WhiteElo "2265"]
[BlackElo "2427"]
[Annotator "ChessBase"]
[PlyCount "136"]
[EventDate "2019.11.29"]
[EventType "swiss"]
[EventCountry "MNC"]
[SourceTitle "playchess.com"]
[Source "ChessBase"]
[SourceQuality "1"]
[TimeControl "180+2"]

1. e4 {[%emt 0:00:00]} d6 {[%emt 0:00:00]} 2. d4 {[%emt 0:00:01]} Nf6 {[%emt 0:00:00]} 3. Nc3 {[%emt 0:00:01]} g6 {[%emt 0:00:00]} 4. Nf3 {[%emt 0:00:05]} Bg7 {[%emt 0:00:01]} 5. a3 {[%emt 0:00:06]} O-O {[%emt 0:00:02]} 6. Bc4 {[%emt 0:00:04]} c5 {[%emt 0:00:01]} 7. dxc5 {[%emt 0:00:13]} dxc5 {[%emt 0:00:01]} 8. Qxd8 {[%emt 0:00:17]} Rxd8 {[%emt 0:00:02]} 9. O-O {[%emt 0:00:06]} Nc6 {[%emt 0:00:02]} 10. Be3 {[%emt 0:00:02]} b6 {[%emt 0:00:08]} 11. h3 {[%emt 0:00:11]} Bb7 {[%emt 0:00:06]} 12. e5 {[%emt 0:00:06]} Ne8 {[%emt 0:00:10]} 13. e6 {[%emt 0:00:08]} f5 {[%emt 0:00:05]} 14. Rad1 {[%emt 0:00:04]} Nd6 {[%emt 0:00:07]} 15. Bd5 {[%emt 0:00:05]} Na5 {[%emt 0:00:11]} 16. Bxb7 {[%emt 0:00:08]} Ndxb7 {[%emt 0:00:10]} 17. Nd5 {[%emt 0:00:07]} Nc6 {[%emt 0:00:15]} 18. c3 {[%emt 0:00:03]} Nba5 {[%emt 0:00:17]} 19. Bg5 {[%emt 0:00:10]} Kf8 {[%emt 0:00:01]} 20. b4 {[%emt 0:00:03]} Nc4 {[%emt 0:00:08]} 21. b5 {[%emt 0:00:03]} h6 {[%emt 0:00:11]} 22. bxc6 {[%emt 0:00:09]} hxg5 {[%emt 0:00:01]} 23. c7 {[%emt 0:00:01]} Rdc8 {[%emt 0:00:15]} 24. Nxg5 {[%emt 0:00:07]} Be5 {[%emt 0:00:05]} 25. Rfe1 {[%emt 0:01:03]} Bxc7 {[%emt 0:00:19]} 26. Nxc7 {[%emt 0:00:12]} Rxc7 {[%emt 0:00:01]} 27. Rd7 {[%emt 0:00:01]} Rac8 {[%emt 0:00:04]} 28. Red1 {[%emt 0:00:02]} Nd6 {[%emt 0:00:31]} 29. f4 {[%emt 0:00:07]} Ke8 {[%emt 0:00:05]} 30. Rxc7 {[%emt 0:00:05]} Rxc7 {[%emt 0:00:01]} 31. Nf3 {[%emt 0:00:03]} Nc4 {[%emt 0:00:01]} 32. Nh4 {[%emt 0:00:01]} Rc6 {[%emt 0:00:03]} 33. Re1 {[%emt 0:00:02]} Nxa3 {[%emt 0:00:12]} 34. Nxg6 {[%emt 0:00:01]} Nc4 {[%emt 0:00:01]} 35. h4 {[%emt 0:00:02]} Nd6 {[%emt 0:00:07]} 36. Ne5 {[%emt 0:00:01]} Rc8 {[%emt 0:00:03]} 37. h5 {[%emt 0:00:01]} Ne4 {[%emt 0:00:04]} 38. h6 {[%emt 0:00:06]} Nf6 {[%emt 0:00:01]} 39. Ra1 {[%emt 0:00:03]} a5 {[%emt 0:00:10]} 40. c4 {[%emt 0:00:01]} Rd8 {[%emt 0:00:05]} 41. Rb1 {[%emt 0:00:03]} Rd6 {[%emt 0:00:00]} 42. Nd7 {[%emt 0:00:04]} Rxe6 {[%emt 0:00:06]} 43. Nxb6 {[%emt 0:00:01]} Ne4 {[%emt 0:00:03]} 44. Nd5 {[%emt 0:00:02]} Rxh6 {[%emt 0:00:02]} 45. Rb8+ {[%emt 0:00:01]} Kf7 {[%emt 0:00:02]} 46. Ra8 {[%emt 0:00:00]} Nd6 {[%emt 0:00:02]} 47. Rxa5 {[%emt 0:00:02]} Nxc4 {[%emt 0:00:02]} 48. Ra7 {[%emt 0:00:00]} Re6 {[%emt 0:00:01]} 49. Rc7 {[%emt 0:00:02]} Nd6 {[%emt 0:00:09]} 50. Rxc5 {[%emt 0:00:02]} Re1+ {[%emt 0:00:01]} 51. Kf2 {[%emt 0:00:02]} Rd1 {[%emt 0:00:01]} 52. Kf3 {[%emt 0:00:03]} Ne4 {[%emt 0:00:02]} 53. Ra5 {[%emt 0:00:01]} Rd3+ {[%emt 0:00:01]} 54. Ke2 {[%emt 0:00:01]} Rd2+ {[%emt 0:00:02]} 55. Kf3 {[%emt 0:00:01]} Rf2+ {[%emt 0:00:01]} 56. Ke3 {[%emt 0:00:01]} Rxg2 {[%emt 0:00:01]} 57. Ra7 {[%emt 0:00:01]} Ke6 {[%emt 0:00:01]} 58. Nxe7 {[%emt 0:00:02]} Rg3+ {[%emt 0:00:03]} 59. Ke2 {[%emt 0:00:01]} Rg4 {[%emt 0:00:03]} 60. Ke3 {[%emt 0:00:00]} Nf6 {[%emt 0:00:04]} 61. Nc6 {[%emt 0:00:02]} Nd5+ {[%emt 0:00:01]} 62. Kd3 {[%emt 0:00:01]} Rxf4 {[%emt 0:00:02]} 63. Nd4+ {[%emt 0:00:02]} Ke5 {[%emt 0:00:02]} 64. Ne2 {[%emt 0:00:02]} Rf3+ {[%emt 0:00:01]} 65. Kd2 {[%emt 0:00:00]} Rb3 {[%emt 0:00:02]} 66. Ra2 {[%emt 0:00:02]} Nf4 {[%emt 0:00:02]} 67. Ra5+ {[%emt 0:00:02]} Nd5 {[%emt 0:00:07]} 68. Nc3 {[%emt 0:00:02]} Rxc3 {[%emt 0:00:05]} 1-0

[Event "EWIBCC 2019"]
[Site "Monte-Carlo"]
[Date "2019.11.29"]
[Round "12.11"]
[White "Buksa, Nataliya"]
[Black "Osmak, Iulija"]
[Result "0-1"]
[WhiteElo "2410"]
[BlackElo "2401"]
[Annotator "NA"]
[PlyCount "96"]
[EventDate "2019.11.29"]
[EventType "swiss"]
[EventCountry "MNC"]
[SourceTitle "playchess.com"]
[Source "ChessBase"]
[SourceQuality "1"]
[TimeControl "180+2"]

1. e4 {[%emt 0:00:00]} Nc6 {[%emt 0:00:00]} 2. d4 {[%emt 0:00:03]} d6 {[%emt 0:00:00]} 3. Bb5 {[%emt 0:00:04]} a6 {[%emt 0:00:01]} 4. Ba4 {[%emt 0:00:01]} b5 {[%emt 0:00:05]} 5. Bb3 {[%emt 0:00:00]} Nf6 {[%emt 0:00:05]} 6. Nc3 {[%emt 0:00:09]} e6 {[%emt 0:00:07]} 7. d5 {[%emt 0:00:09]} Na5 {[%emt 0:00:19]} 8. dxe6 {[%emt 0:00:01]} fxe6 {[%emt 0:00:01]} 9. Bg5 {[%emt 0:00:07]} Be7 {[%emt 0:00:15]} 10. Nf3 {[%emt 0:00:26]} e5 {[%emt 0:00:10]} 11. Qe2 {[%emt 0:00:23]} Nxb3 {[%emt 0:00:10]} 12. axb3 {[%emt 0:00:01]} Be6 {[%emt 0:00:19]} 13. O-O-O {[%emt 0:00:07]} Qc8 {[%emt 0:00:08]} 14. Nd5 {[%emt 0:00:10]} Bxd5 {[%emt 0:00:11]} 15. exd5 {[%emt 0:00:00]} O-O {[%emt 0:00:03]} 16. h3 {[%emt 0:00:01]} Qb7 {[%emt 0:00:04]} 17. h4 {[%emt 0:01:12]} Nxd5 {[%emt 0:00:39]} 18. Nxe5 {[%emt 0:00:00]} dxe5 {[%emt 0:00:09]} 19. Qxe5 {[%emt 0:00:01]} Bxg5+ {[%emt 0:00:21]} 20. hxg5 {[%emt 0:00:02]} c6 {[%emt 0:00:02]} 21. Rxh7 {[%emt 0:00:12]} Qe7 {[%emt 0:00:22]} 22. Qh2 {[%emt 0:00:07]} Qxg5+ {[%emt 0:00:02]} 23. Kb1 {[%emt 0:00:01]} Rae8 {[%emt 0:00:07]} 24. Rh8+ {[%emt 0:00:06]} Kf7 {[%emt 0:00:01]} 25. Rh3 {[%emt 0:00:01]} Re6 {[%emt 0:00:02]} 26. Rg3 {[%emt 0:00:05]} Qh6 {[%emt 0:00:02]} 27. Rf3+ {[%emt 0:00:01]} Rf6 {[%emt 0:00:02]} 28. Qd6 {[%emt 0:00:02]} Rxf3 {[%emt 0:00:02]} 29. Qd7+ {[%emt 0:00:01]} Kg8 {[%emt 0:00:03]} 30. gxf3 {[%emt 0:00:01]} Rxf3 {[%emt 0:00:03]} 31. Re1 {[%emt 0:00:00]} Rf8 {[%emt 0:00:03]} 32. c4 {[%emt 0:00:04]} Qg6+ {[%emt 0:00:01]} 33. Ka1 {[%emt 0:00:02]} Nb4 {[%emt 0:00:02]} 34. Rd1 {[%emt 0:00:06]} Nc2+ {[%emt 0:00:02]} 35. Ka2 {[%emt 0:00:00]} Nb4+ {[%emt 0:00:02]} 36. Ka1 {[%emt 0:00:01]} a5 {[%emt 0:00:03]} 37. cxb5 {[%emt 0:00:04]} cxb5 {[%emt 0:00:06]} 38. f4 {[%emt 0:00:02]} Nc2+ {[%emt 0:00:00]} 39. Ka2 {[%emt 0:00:00]} Nb4+ {[%emt 0:00:00]} 40. Ka1 {[%emt 0:00:01]} Rxf4 {[%emt 0:00:02]} 41. Qxb5 {[%emt 0:00:04]} Nc2+ {[%emt 0:00:02]} 42. Ka2 {[%emt 0:00:01]} Nb4+ {[%emt 0:00:01]} 43. Ka1 {[%emt 0:00:00]} Rf8 {[%emt 0:00:03]} 44. Qc4+ {[%emt 0:00:02]} Qf7 {[%emt 0:00:02]} 45. Qc5 {[%emt 0:00:02]} Qxb3 {[%emt 0:00:02]} 46. Qxf8+ {[%emt 0:00:19]} Kxf8 {[%emt 0:00:01]} 47. Rf1+ {[%emt 0:00:01]} Kg8 {[%emt 0:00:03]} 48. Kb1 {[%emt 0:00:01]} Qd3+ {[%emt 0:00:02]} 0-1

[Event "EWIBCC 2019"]
[Site "Monte-Carlo"]
[Date "2019.11.29"]
[Round "12.12"]
[White "Dornbusch, Tatiana"]
[Black "Muzychuk, Mariya"]
[Result "0-1"]
[WhiteElo "2269"]
[BlackElo "2552"]
[Annotator "TA"]
[PlyCount "82"]
[EventDate "2019.11.29"]
[EventType "swiss"]
[EventCountry "MNC"]
[SourceTitle "playchess.com"]
[Source "ChessBase"]
[SourceQuality "1"]

{[%evp 11,82,-1,18,8,12,4,31,24,57,55,68,75,122,130,158,76,139,123,222,239,212,217,208,191,233,241,240,241,293,301,683,666,870,873,959,691,673,679,656,331,349,345,340,309,29990,29991,29991,29992,29992,29993,29993,29990,29996,29990,29996,-227,-225,-220,-211,-233,-203,-265,-226,-530,-520,-29992,-29993,-29994,-29995,-29997,-29997,-29998,-29999]} 1. d4 Nf6 2. Nf3 e6 3. g3 c5 4. e3 Nc6 5. Bg2 d5 6. O-O Bd6 7. dxc5 {D02: 1 d4 d5 2 Nf3 sidelines, including 2...Nf6 3 g3 and 2...Nf6 3 Bf4} Bxc5 8. c4 dxc4 9. Qxd8+ {White is slightly better.} Kxd8 10. Nbd2 c3 11. bxc3 Ke7 $146 ({Predecessor:} 11... Bd7 12. Nb3 Be7 13. c4 Ne4 14. Bb2 f6 {0-1 (40) Balog,I (2431)-Pap,G (2468) Budapest 2009}) 12. Nd4 Bd7 {[#]} 13. N2b3 (13. N4b3 $142 $1 {[%cal Rb3c5]} Bd6 14. Nc4) 13... Bd6 (13... Nxd4 $142 14. exd4 Bd6) 14. Nb5 $16 a6 (14... Nd8 $16 15. Nxd6 Kxd6) 15. Nxd6 $18 Kxd6 16. Ba3+ Kc7 17. Rfd1 Rad8 18. Bd6+ Kc8 19. Nc5 {aiming for Rab1.} Nd5 20. c4 Nb6 $2 (20... Nc3 21. Rdb1 Nxb1 22. Rxb1 b5) 21. Rab1 Nxc4 22. Nxb7 Rde8 {[#]} 23. Rdc1 $1 {[%mdl 512]} Nxd6 24. Nxd6+ Kc7 25. Rb7+ Kxd6 26. Rd1+ Ke5 {Hoping for ...Nb8.} 27. Rdxd7 {f4+ is the strong threat.} Rc8 $2 (27... Nd8 $18) 28. f4+ Kf6 29. Rxf7+ {[%mdl 64] Double Attack} Kg6 30. Rxg7+ Kh6 31. g4 Na5 32. Rbe7 Rc2 33. Rxe6+ $4 {[%mdl 8192]} (33. g5+ {mates} Kh5 34. Bf3+ Kh4 35. Rxh7+ Rxh7 36. Rxh7#) 33... Kxg7 $19 34. Rxa6 Nc4 ({Stronger than} 34... Rxa2 35. Ra7+ Kh6 36. Ra6+ Kg7 37. Ra7+ Kh6 38. Ra6+ Kg7 $11) 35. Ra7+ Kf6 {White must now prevent ...Rb8.} 36. g5+ Ke6 37. e4 $2 (37. Bh3+ {is tougher.} Kd5 38. Bg2+ Kd6 39. Ra6+ Kc5 40. Rc6+ Kb4 41. Bd5) 37... Rd8 {( -> ...Rd1+)} 38. f5+ (38. Bh3+ $19 Kd6 39. e5+ Kd5 40. Bf5 Rc1+ 41. Kf2) 38... Ke5 {Black mates.} 39. Re7+ {[#]} Kf4 $1 40. f6 Rd1+ 41. Bf1 Ne3 {Accuracy: White = 51%, Black = 36%.} 0-1

[Event "EWIBCC 2019"]
[Site "Monte-Carlo"]
[Date "2019.11.29"]
[Round "12.13"]
[White "Girya, Olga"]
[Black "Doluhanova, Evgeniya"]
[Result "0-1"]
[WhiteElo "2476"]
[BlackElo "2276"]
[Annotator "TA"]
[PlyCount "76"]
[EventDate "2019.11.29"]
[EventType "swiss"]
[EventCountry "MNC"]
[SourceTitle "playchess.com"]
[Source "ChessBase"]
[SourceQuality "1"]

{[%evp 17,76,21,45,28,43,37,27,41,31,23,93,83,83,80,84,55,71,-72,76,53,49,-63,-54,-99,-83,-265,-258,-445,-468,-379,-223,-218,-203,-189,-79,-78,35,42,54,56,47,-200,-58,-213,-203,-380,-384,-404,-391,-597,-468,-944,-872,-1170,-1166,-1149,-966,-29979,-29979,-29978,-29976]} 1. d4 Nf6 2. c4 e6 3. Nf3 b6 4. g3 Bb7 5. Bg2 Be7 6. O-O O-O 7. Nc3 Ne4 8. Bd2 Nxc3 9. Bxc3 Be4 10. Bh3 {E18: Queen's Indian: Old Main Line (4 g3 Bb7 5 Bg2 Be7 6 0-0 0-0 7 Nc3)} d5 $146 ({Predecessor:} 10... Bxf3 11. exf3 d5 12. f4 Bf6 13. Qa4 Qd6 14. cxd5 exd5 15. Bb4 c5 16. dxc5 bxc5 17. Ba3 Na6 {½-½ (29) Gajewski,G (2653)-Rozentalis,E (2611) Haguenau 2013}) 11. Nd2 Bg6 12. Bg2 {White has an edge.} c6 13. e4 Na6 (13... dxe4 $11 14. Nxe4 Qd7) 14. Qa4 Nc7 15. Qxc6 {[%cal Re4d5]} Rc8 16. Qa4 dxc4 17. Qxa7 (17. Qxc4 $16 {stays on course.} Nd5 18. Qd3) 17... b5 (17... Nb5 $17 {keeps the pressure on.} 18. Qa6 Nxd4 19. Nxc4 Ne2+ 20. Kh1 Qd3) 18. Ba5 $16 Ra8 19. Qxc7 ({Only move:} 19. Qb6 $14) 19... Rxa5 $15 20. Qxd8 Rxd8 21. d5 $2 (21. Nf3 $17 {is a better defense.}) 21... Bf6 $19 22. a4 $2 (22. Rfb1) 22... Bxb2 23. Rab1 Bc3 (23... c3 $142 24. Nb3 Rxa4 25. dxe6 fxe6) 24. Rfd1 exd5 25. axb5 {Nxc4! is the strong threat.} Bxd2 (25... Rb8 $19 26. Nf1 d4) 26. Rxd2 $17 d4 (26... c3 $17 27. Rd3 c2) 27. b6 $14 {[%cal Bb5b6,Bb6b7][%mdl 32]} Raa8 ({Don't go for} 27... c3 $2 28. Rxd4 $1 {[%mdl 512]} Re8 29. Rc4 $18) 28. b7 Rab8 {Threatens to win with ...c3.} 29. f4 $2 {[#]} (29. Rb4 $14) 29... f6 (29... c3 $1 $19 {[%cal Rc3d2]} 30. Rc2 f6) 30. f5 $2 (30. Rb4 $1 $15) 30... Be8 $19 {And now ...c3 would win.} 31. Bf1 $2 {[#]} (31. e5 {was forced.} c3 32. Ra2) 31... c3 $1 {[%cal Rc3d2]} 32. Bc4+ Kf8 33. Rd3 (33. Ra2 $142 d3 34. Bxd3 Rxd3 35. Rb6) 33... Bc6 34. Rbd1 (34. Bd5 $142 Rxb7 35. Rc1 Bxd5 36. Rxd4 {[%mdl 64] Pin}) 34... Rxb7 35. Rxc3 dxc3 36. Rxd8+ Ke7 {( -> ...c2)} 37. Rd1 c2 38. Rf1 Rb1 {Accuracy: White = 19%, Black = 49%.} 0-1